000 00508cam a22001697a 4500
008 180718b1998 xxu||||| |||| 00| 0 eng d
082 _aB12431x54 En33
245 _aState secularism and religion: western and Indian experience
_cedited by Asghar Ali Engineer and Uday Mehta
260 _aDelhi
_bAjanta
_c1998
300 _a246p.
650 _aState, The
650 _aHinduism
650 _aCommunalism - India
650 _aSecularism - India
700 _aMehta, Uday
700 _aEngineer, Ashar Ali
999 _c384513
_d384513